[Event "Sao Paulo Hebraica op 33rd"]
[Site "Sao Paulo"]
[Date "2024.06.28"]
[Round "2"]
[White "Desideri, Ricardo Maruchi"]
[Black "Silveira Ramos, Joao P Laurenti"]
[Result "1/2-1/2"]
[WhiteElo "1962"]
[BlackElo "1800"]
[PlyCount "102"]
[EventDate "2024.06.28"]
[EventType "swiss"]
[EventRounds "6"]
[EventCountry "BRA"]
[SourceTitle "CB28_2024"]
[SourceDate "2024.07.10"]
[SourceVersion "1"]
[SourceVersionDate "2024.07.10"]
[SourceQuality "1"]

1. e4 e5 2. f4 exf4 3. Bc4 d5 4. Bxd5 Nf6 5. Nc3 Nxd5 6. Nxd5 Bd6 7. Nf3 g5 8. d4 g4 9. Ne5 Qh4+ 10. Kf1 f3 11. g3 Qh3+ 12. Kf2 Qg2+ 13. Ke3 Qh3 14. Kd3 0-0 15. Bg5 Bxe5 16. dxe5 f6 17. Bxf6 Qh6 18. c3 Nc6 19. Qb3 Be6 20. Ne7+ Kf7 21. Nd5 Qg6 22. Rad1 Na5 23. Qa4 c6 24. Nf4 Nc4 25. Nxg6 Nxb2+ 26. Kc2 Nxa4 27. Nxf8 Rxf8 28. Rd4 Nc5 29. a3 Nd7 30. Rb1 Nxf6 31. exf6 Kxf6 32. Kd2 Ke5 33. Rf1 b5 34. Ke3 Bc4 35. Rf2 c5 36. Rd7 Rf7 37. Rxf7 Bxf7 38. Rd2 Be6 39. Rd8 a5 40. Rh8 b4 41. axb4 axb4 42. cxb4 cxb4 43. Rxh7 b3 44. Rh5+ Kd6 45. Rb5 Kc6 46. Rb8 Kc5 47. h4 gxh3 48. Kxf3 Kc4 49. Rb6 Bg4+ 50. Kf2 h2 51. Kg2 Bf3+ 1/2-1/2